The Life and Work of Boris Johnson - Statistics

General Stats
  • This quiz has been taken 28 times
  • The average score is 16 of 30
Answer Stats
Question Answer % Correct
He studied Classics at which English university in the 1980s? {Oxford} University
96%
What English private school did he attend as a teenager? Eton College
83%
Boris was born in which city, in 1964? New York
83%
In 2019 he was elected leader of which British political party? The {Conservative} Party
75%
Which cabinet position did he hold from 2016 to 2018? Secretary of State for Foreign & Commonwealth Affairs
71%
His term was dominated by which health emergency…? The COVID-19 Pandemic
71%
He campaigned strongly to leave which organisation in 2016? The {European Union}
71%
Who did he thus replace as Prime Minister of the UK? Theresa May
71%
As of July 2023, Boris has fathered how many children? Eight
67%
And who succeeded her as Prime Minister in October 2022? Rishi Sunak
67%
…and the military invasion of which European country? Ukraine
67%
Who succeeded him as Prime Minister in September 2022? Liz Truss
63%
Which scandal was about breaking lockdown rules? {Party}gate
63%
What is his actual first name? Alexander
58%
He was elected to which position in 2008, and again in 2012? Mayor of London
58%
Who is his father, then a 23 year old student? {Stanley} Johnson
58%
In June 2024 he became as a columnist for which paper? The Daily {Mail}
58%
He later served as which paper’s Brussels correspondent? The Daily {Telegraph}
50%
He was fired from which newspaper for making up a quote? The {Times}
46%
Who became his third wife in 2021? Carrie Symonds
42%
He first appeared on which BBC panel show in 1998? Have I Got News For You
42%
From 1999 to 2005 he edited which weekly news magazine? The {Spectator}
42%
He was re-elected as an MP in 2015, in which constituency? Uxbridge and South Ruislip
42%
While there he joined which private all-male dining club? The {Bullingdon} Club
38%
His earliest recorded ambition was to be what? "world king"
29%
Which childhood friend became his second wife in 1993? Marina Wheeler
25%
Which fellow student did he marry in 1987? Allegra Mostyn-Owen
21%
In 2001 he was first elected MP for which constituency? Henley
21%
In his gap year he taught English and Latin in which country? Australia
17%
What was the title of his first novel, published in 2004? Seventy-Two Virgins
8%
No matching quizzes found
Score Distribution
Percent of People with Each Score
Percentile by Number Answered
Your Score History
You have not taken this quiz